000 00966nam a22002297a 4500
999 _c10528
_d10528
003 AR-CdUCM
008 190401b ||||| |||| 00| 0 spa d
040 _aMUNICIPALIDAD PROVINCIAL DEL CUSCO
_cBIBLIOTECA MUNICIPAL DEL CUSCO
082 _a348.31 /
_bEC16 /1960
100 _aEchecopar García, Luis,
_927448
245 _aInforme jurídico sobre el caso de la Brea y Pariñas /
260 _aLima :
_bNoticias de Petróleo,
_c1960.
300 _a73 paginas ;
_c21 cm.
505 _aContenido :Situación del yacimiento durante el virreynato y primeros años de la vida independiente -- La ley 1825 la venta a quintana sus sucesores hasta 1872 -- Las leyes de 1873 y de 1877, la posesión judicial de 1886...
650 _aInforme juridico
_927449
650 _aIndustria y comercio
_96100
650 _aPetroleo
_91700
650 _aLeyes y resoluciones
_927450
650 _aProcedimientos administrativos
_927451
942 _2ddc
_cLIBROS
945 _awnts